LEADER 02048nas 2200661-a 450 001 996201700203316 005 20240413023428.0 011 $a2224-6738 035 $a(CKB)110978979591463 035 $a(CONSER)---87640435- 035 $a(EXLCZ)99110978979591463 100 $a19870929b19872018 --- - 101 0 $aeng 181 $ctxt$2rdacontent 182 $cc$2rdamedia 183 $acr$2rdacarrier 200 00$aChina law and practice 210 $aHong Kong $cChina Law and Practice Ltd.$dİ1987- 210 3 $aHong Kong $cALM 215 $a1 online resource 300 $aTitle from caption. 300 $aPublisher: Asia Law & Practice, Ltd., <1996-> 300 $aTitle varies slightly. 311 08$aPrint version: China law and practice. 1012-6724 (DLC) 87640435 (OCoLC)16780791 517 3 $aChina law & practice 531 $aCHINA LAW AND PRACTICE DOCUMENTING AND ANALYSING THE CHINESE LEGAL SYSTEM 531 $aCHINA LAW PRACT 531 $aCHINA LAW AND PRACTICE 606 $aLaw$zChina$vPeriodicals 606 $aIndustrial laws and legislation$zChina$vPeriodicals 606 $aIndustrial laws and legislation$2fast$3(OCoLC)fst00971186 606 $aLaw$2fast$3(OCoLC)fst00993678 606 $aChina$2pplt 606 $aMunicipal law$2pplt 606 $aLAW$2unbist 606 $aLAW REPORTS AND DIGESTS$2unbist 606 $aJUDICIAL SYSTEM$2unbist 606 $aCHINA$2unbist 607 $aChina$2fast 608 $aPeriodicals.$2fast 608 $aPeriodicals.$2lcgft 615 0$aLaw 615 0$aIndustrial laws and legislation 615 7$aIndustrial laws and legislation. 615 7$aLaw. 615 7$aChina. 615 7$aMunicipal law. 615 17$aLAW. 615 17$aLAW REPORTS AND DIGESTS. 615 17$aJUDICIAL SYSTEM. 615 17$aCHINA. 676 $a349.51/05 676 $a345.1005 906 $aJOURNAL 912 $a996201700203316 920 $aexl_impl conversion 996 $aChina law and practice$92424161 997 $aUNISA LEADER 04019nam 22008535 450 001 9910298629403321 005 20250609110110.0 010 $a3-319-12868-X 024 7 $a10.1007/978-3-319-12868-9 035 $a(CKB)3710000000394681 035 $a(EBL)2094145 035 $a(SSID)ssj0001500930 035 $a(PQKBManifestationID)11830196 035 $a(PQKBTitleCode)TC0001500930 035 $a(PQKBWorkID)11523061 035 $a(PQKB)11161025 035 $a(DE-He213)978-3-319-12868-9 035 $a(MiAaPQ)EBC2094145 035 $z(PPN)258869429 035 $a(PPN)18548431X 035 $a(MiAaPQ)EBC3109364 035 $a(EXLCZ)993710000000394681 100 $a20150408d2015 u| 0 101 0 $aeng 135 $aur|n|---||||| 181 $ctxt 182 $cc 183 $acr 200 10$aHybrid and Hierarchical Composite Materials /$fedited by Chang-Soo Kim, Charles Randow, Tomoko Sano 205 $a1st ed. 2015. 210 1$aCham :$cSpringer International Publishing :$cImprint: Springer,$d2015. 215 $a1 online resource (363 p.) 300 $aDescription based upon print version of record. 311 08$a3-319-12867-1 320 $aIncludes bibliographical references. 327 $aIntroduction -- Organic-Inorganic Polymer Hybrids: Synthetic Strategies and Applications -- Polymer-Tethered Nanoparticle Materials ? An Emerging Platform for Multifunctional Hybrid Materials -- Multiferroic Magnetoelectric Composites/Hybrids -- Clay/Polymer Nanocomposites: Processing, Properties and Applications -- Medical Applications of Hierarchical Composites -- Electrochemical Hierarchical Composites -- Bioinspired Structural Hierarchical Composites -- Hierarchical Composites Containing Carbon Nanotubes. 330 $aThis book addresses a broad spectrum of areas in both hybrid materials and hierarchical composites, including recent development of processing technologies, structural designs, modern computer simulation techniques, and the relationships between the processing-structure-property-performance. Each topic is introduced at length with numerous  and detailed examples and over 150 illustrations.   In addition, the authors present a method of categorizing these materials, so that representative examples of all material classes are discussed. 606 $aCeramics 606 $aGlass 606 $aComposite materials 606 $aComposite materials 606 $aPolymers 606 $aNanoscience 606 $aNanoscience 606 $aNanostructures 606 $aNanotechnology 606 $aCeramics, Glass, Composites, Natural Materials$3https://scigraph.springernature.com/ontologies/product-market-codes/Z18000 606 $aPolymer Sciences$3https://scigraph.springernature.com/ontologies/product-market-codes/C22008 606 $aNanoscale Science and Technology$3https://scigraph.springernature.com/ontologies/product-market-codes/P25140 606 $aNanotechnology and Microengineering$3https://scigraph.springernature.com/ontologies/product-market-codes/T18000 615 0$aCeramics. 615 0$aGlass. 615 0$aComposite materials. 615 0$aComposite materials. 615 0$aPolymers. 615 0$aNanoscience. 615 0$aNanoscience. 615 0$aNanostructures. 615 0$aNanotechnology. 615 14$aCeramics, Glass, Composites, Natural Materials. 615 24$aPolymer Sciences. 615 24$aNanoscale Science and Technology. 615 24$aNanotechnology and Microengineering. 676 $a541.2254 676 $a620.11 676 $a620.14 676 $a620.5 702 $aKim$b Chang-Soo$4edt$4http://id.loc.gov/vocabulary/relators/edt 702 $aRandow$b Charles$4edt$4http://id.loc.gov/vocabulary/relators/edt 702 $aSano$b Tomoko$4edt$4http://id.loc.gov/vocabulary/relators/edt 906 $aBOOK 912 $a9910298629403321 996 $aHybrid and Hierarchical Composite Materials$92156579 997 $aUNINA